| 000 | 00602nam a22001817a 4500 | ||
|---|---|---|---|
| 999 |
_c188401 _d188401 |
||
| 005 | 20230406113755.0 | ||
| 010 | _aENG-132745 | ||
| 020 |
_a9780199494774 _c1695.00 |
||
| 035 | _aEN-116277 | ||
| 037 | _bDBAD/PUB | ||
| 082 | _a954.0420924 | ||
| 245 |
_aSelected Works of Jawaharlal Nehru: _b20 July - 30 September 1962/ _cEdited by Madhavan K. Palat |
||
| 260 |
_aNew Delhi _bJawaharlal Nehru Memorial Fund _c2015 |
||
| 270 |
_aTeen Murti House _bNew Delhi _e110011 |
||
| 300 |
_axxxi, 882p. _bIndex _c25cm(hbk) |
||
| 700 | _aPalat, Madhavan K. | ||
| 942 |
_2ddc _cEN _h954.0420924 _mSEL |
||